000 00490nam a2200097Ia 4500
008 170517s9999 xx 000 0 und d
245 _aFood Matters
300 _aLet thy Food be thy Medicine and thy Medicine be thy Food - Hippocrates. That is the message from the founding father of modern medicine echoed in the controversial new documentary film Food Matters from Producer-Directors James Colquhoun and...
650 _xTechnology.
856 _uhttp://topdocumentaryfilms.com/food-matters/
999 _c335037
_d335037